[Event "ROM-ch U12"]
[Site "Calimanesti"]
[Date "2015.04.02"]
[Round "5"]
[White "Clenciu, Daniel Marian"]
[Black "Cirtina, Victor"]
[Result "0-1"]
[WhiteElo "1070"]
[BlackElo "1100"]
[PlyCount "64"]
[EventDate "2015.03.30"]
[EventType "swiss"]
[EventRounds "9"]
[EventCountry "ROU"]
[SourceTitle "CBM 165 Extra"]
[Source "ChessBase"]
[SourceDate "2015.04.21"]
[SourceVersion "1"]
[SourceVersionDate "2015.04.21"]
[SourceQuality "1"]

1. d4 Nf6 2. Nf3 g6 3. e3 Bg7 4. Nc3 d5 5. Bd3 c6 6. e4 dxe4 7. Nxe4 Nxe4 8. Bxe4 Bg4 9. Bf4 Bxf3 10. Qxf3 Qxd4 11. c3 Qb6 12. Rd1 Qxb2 13. Qd3 Qxc3+ 14. Rd2 Qxd3 15. Rxd3 0-0 16. 0-0 e5 17. Be3 f5 18. Bf3 e4 19. Rb3 exf3 20. gxf3 b6 21. Bf4 Rd8 22. Re1 c5 23. Rbe3 Nc6 24. Bg5 Rdc8 25. Re6 Nd4 26. R1e3 Nxe6 27. Rxe6 Re8 28. Rd6 Re2 29. a3 Ra2 30. Rd3 Bb2 31. Rd2 Ra1+ 32. Kg2 Bxa3 0-1